000 00554nam a22002177a 4500
003 UA-OsUOA
001 48215
007 ta
008 20070830b un ||||| |||| 00| 0 ukr d
090 _a82,09
_bС91
942 _cBK
040 _aUA-OsUOA
_bukr
_cUA-OsUOA
_dUA-OsUOA
245 _aСучасні літературознавчі студії
300 _a173 с.
955 _a2
041 _aukr
080 _a82,09
260 _aК.
_c2004
650 7 _a82 Література. Літературознавство
_2UDC
999 _c334229
_d334229